Ermita de Santa Cristina en Lena (Oviedo) : (Record no. 157333)

MARC details
000 -LEADER
campo de control de longitud fija 01362nam a2200301 i 4500
001 - NÚMERO DE CONTROL
campo de control 157333
003 - IDENTIFICADOR DE NÚMERO DE CONTROL
campo de control ES-MaACL
005 - FECHA Y HORA DE LA ÚLTIMA TRANSACCIÓN
campo de control 20250907063117.0
008 - DATOS DE LONGITUD FIJA--INFORMACIÓN GENERAL
campo de control de longitud fija 931025s1894 sp a |||| | spa d
100 1# - ENTRADA PRINCIPAL--NOMBRE DE PERSONA
Nombre de persona Lázaro, Juan Bautista,
Fechas asociadas al nombre 1849-1919
9 (RLIN) 129180
245 10 - MENCIÓN DEL TÍTULO
Título Ermita de Santa Cristina en Lena (Oviedo) :
Resto del título reseña de las obras hechas para su restauración /
Mención de responsabilidad, etc. por Don Juan Bautista Lázaro.
260 ## - PUBLICACIÓN, DISTRIBUCIÓN, ETC.
Lugar de publicación, distribución, etc. Madrid :
Nombre del editor, distribuidor, etc. Antero de Oteyza y Barinaga,
Fecha de publicación, distribución, etc. 1894 (
Fabricante Imp. y Lit. de los Huérfanos)
300 ## - DESCRIPCIÓN FÍSICA
Extensión 33 p., [4] h. de lám. :
Otras características físicas il. ;
Dimensiones 32 cm.
490 1# - MENCIÓN DE SERIE
Mención de serie Biblioteca del "Resumen de arquitectura"
530 ## - NOTA DISPONIBLE DE FORMULARIO FÍSICO ADICIONAL
Nota de formato físico adicional disponible Disponible en formato digital.
597 ## - NOTA DE DESCRIPCIÓN FÍSICA
NOTA DE DESCRIPCIÓN FÍSICA Antep.
597 ## - NOTA DE DESCRIPCIÓN FÍSICA
NOTA DE DESCRIPCIÓN FÍSICA Port. a dos tintas.
599 ## - NOTA A LAS ILUSTRACIONES
NOTA A LAS ILUSTRACIONES Lám.: fototipias de Hauser y Menet.
610 24 - PUNTO DE ACCESO ADICIONAL DE MATERIA--NOMBRE DE ENTIDAD CORPORATIVA
Nombre de entidad corporativa o nombre de jurisdicción como elemento de entrada Ermita de Santa Cristina (La Pola)
9 (RLIN) 172740
651 #4 - PUNTO DE ACCESO ADICIONAL DE MATERIA--NOMBRE GEOGRÁFICO
Nombre geográfico La Pola-
Subdivisión general Edificios, estructuras, etc.
9 (RLIN) 172741
700 1# - ENTRADA AGREGADA--NOMBRE PERSONAL
Nombre de persona Oteyza y Barinaga, Antero de.
9 (RLIN) 130741
710 2# - ENTRADA AGREGADA--NOMBRE DE ENTIDAD CORPORATIVA
Nombre de entidad corporativa o nombre de jurisdicción como elemento de entrada Hauser y Menet (Madrid)
9 (RLIN) 4558
830 1# - PUNTO DE ACCESO ADICIONAL DE SERIE-TÍTULO UNIFORME
Título uniforme Biblioteca del "Resumen de arquitectura"
9 (RLIN) 188429
852 4# - LOCALIZACIÓN
Ubicación ES-MaACL
Número de control de estantería B-11451
Nota libre - Enc. tela
856 4# - LOCALIZACIÓN Y ACCESO ELECTRÓNICOS
Identificador Uniforme de Recursos <a href="http://bdh-rd.bne.es/viewer.vm?id=0000213711&page=1 ">http://bdh-rd.bne.es/viewer.vm?id=0000213711&page=1 </a>
Nota pública Biblioteca Digital Hispánica
856 4# - LOCALIZACIÓN Y ACCESO ELECTRÓNICOS
Identificador Uniforme de Recursos <a href="https://bibliotecadigital.jcyl.es/es/consulta/registro.do?id=31599">https://bibliotecadigital.jcyl.es/es/consulta/registro.do?id=31599</a>
Nota pública Biblioteca Digital de Castilla y León
Holdings
Estatus retirado Estado de pérdida Estado de daño No para préstamo Colección Biblioteca de origen Biblioteca actual Ubicación en estantería Fecha de adquisición Fuente de adquisición Total de préstamos Signatura topográfica completa Código de barras Visto por última vez Precio de reemplazo Tipo de ítem Koha
        Colección digital Biblioteca del Ateneo de Madrid Biblioteca del Ateneo de Madrid Sala Pardo Bazán 17/01/2008     B-11451 1164648 23/02/2023 23/02/2023 Libro impreso antiguo